000 00490nam a2200181 a 4500
005 20140310183210.0
008 030220s19uu xx 00 eng d
020 _a0553298798
050 _aRM 122.5
_b.R66 1992
100 _aRosenfeld, Isadore
245 _aThe Best treatment /
_cIsadore Rosenfeld.
260 _aNew York :
_bBantam Books,
_c1992.
300 _a423 p. :
_c18 cm.
521 _aNUR
650 _aTherapeutics
_xpopular works
942 _cBK
_2lcc
_kFOR
999 _c20104
_d20104